• 首页
  • 本馆介绍
  • 公告通知
  • 最新文献
  • 馆藏检索
  • 电子资源
  • 读者导购
  • 参考咨询
  • 我的图书馆
  • 登录
  • 详细信息显示
  • 放入我的书架
  • 预约/预借图书
  • 作者相关作品
  • 分类相关作品
  • 丛书相关作品
  • 出版社相关作品

书目信息

  • 表格格式
  • 工作单格式
  • 卡片格式
题名:
模拟电子线路习题精解
    
 
作者: 宋文涛 编
分册:  
出版信息: 北京   科学出版社  2003
页数: 482页
开本: 26cm
丛书名:
单 册:
中图分类: TN710-44
科图分类:
主题词: 电子电路
电子资源:
ISBN: 7-03-010744-6
000 00538nam0 2200181 450
001 0735592734
005 20070906095312.73
010    @a7-03-010744-6@d¥34.00
100    @a20070906d km y0chiy0120 ea
101 0  @achi
200 1  @a模拟电子线路习题精解@Amo ni dian zi xian lu xi ti jing jie@f宋文涛等编@Fsong wen tao deng bian
210    @a北京@c科学出版社@d2003
215    @a482页@d26cm
606 0  @a电子电路
690    @aTN710-44@v3
701  0 @a宋文涛@Asong wen tao@4编
801  0 @aCN@bPFT@c20070906
905    @a213230@dTN710-44@ep33@f1
    
    模拟电子线路习题精解/宋文涛等编.-北京:科学出版社,2003
    482页;26cm
    
    
    ISBN 7-03-010744-6:¥34.00
    
●
相关链接 在E读中查询图书 在五车中查询图书 在当当中查询图书 在豆瓣中查询图书


正题名:模拟电子线路习题精解     索取号:TN710-44/p33         预约/预借

序号 登录号 条形码 馆藏地/架位号 状态 备注
1 7201901   272019004   密集书库-物理学院/ [索取号:TN710-44/p33] 在馆    
2 7201902   272019013   密集书库-物理学院/ [索取号:TN710-44/p33] 在馆    
唐山师范学院图书馆 欢迎您!
大连网信软件有限公司© 版权所有